000 01259cam a2200361 i 4500
001 68819
003 Mx-PuUPA
005 20221206103924.0
008 221014s2016 mx a gr 000 0 spa d
020 _a9786072423626
020 _a9789687791760
_qde la colección el barco de vapor
040 _aMx-PuUPA
_bspa
_cMx-PuUPA
_dMx-PuUPA
_erda
041 0 _aspa
100 1 _910772
_aMéndez, Gerardo,
_eautor
245 1 0 _aJuan juanetes /
_cGerardo Méndez ; ilustraciones de Érika Martínez
250 _aSegunda edición
264 1 _aCiudad de México :
_bSM de Ediciones,
_c2016
300 _a72 páginas sin numerar :
_bilustraciones ;
_c21 cm
336 _2rdacontent
_atexto
_btxt
336 _2rdacontent
_aimagen fija
_bsti
337 _2rdamedia
_asin medio
_bn
338 _2rdacarrier
_avolumen
_bnc
490 1 _aEl barco de vapor. Blanca ;
_v18M
521 0 _aPrimeros lectores.
650 7 _2armarc
_aCuentos colombianos
650 7 _2armarc
_aCuentos infantiles colombianos
700 1 _aMartínez, Érika,
_eilustrador
830 0 _aBarco de vapor
_pBlanca
_v18M
942 _2ddc
_cLI
_h808.0683
_iB2218
999 _c68819
_d68819